000 00409nam a2200169Ia 4500
008 230711s9999||||xx |||||||||||||| ||und||
020 _a978-988-15451-2-1
041 _aENG
082 _a720
_bYU-M
100 _aYu,Jasmine
245 0 _aMuseum display design
250 _a1st . Ed.
260 _c2010
_aNew York
_bDesign Media Publishing Limited
300 _a269
650 _aArchitecture
942 _cBK
999 _c5677
_d5677